1948 1985 1369 1032 1248 1148 1765 1685 1550 1357 1129 1448 1283 1966 1445 1752 1701 1616 1581 1958 1101 1539 1370 1950 1681 1564 1954 1897 1089 1181 1524 1927 1669 1294 1190 1078 1357 1158 1842 1647 1414 1334 1222 1604 1092 1847 1719 1841 1315 1637 1386 1798 1333 1470 1063 1699 1327 1846 1264 1862 1235 1974 1481 1341 1949 1302 1694 1078 1055 1203 1665 1597 1935 1541 1892 1555 1110 1081 1342 1387 1401 1625 1789 1122 1251 1962 1227 1909 1000 1360 1853 1020 1443 1553 1524 1075 1629 1020 1404 BCNSPRNW ULIB Ver.6.0+V

เปลี่ยนเป็นภาษาไทย

Change to English
 แสดงรายละเอียดบรรณานุกรม
  กลับหน้าหลัก

Brief Record : Get Marc (ISO 2709) : E-mail record : QR code < ปิดหน้าต่าง
LEADER : 00000nam 2200000uu 4500
001    13399124715
003     ULIB
008    160125s2558||||th 000 0 tha d
099    วจ.WD210^bช166ก
100 0  ชมนาด วรรณพรศิริ และนิยม เล็กชูผล
245 00 การพัฒนารูปแบบการป้องกันภาวะเมตาโบลิกที่สอดคล้องกับวิถีชีวิตของประชาชนวัยผู้ใหญ่ในชนบทไทย/^cชมนาด วรรณพรศิริ และนิยม เล็กชูผล
246 0  Model development of metabolic syndrome prevention congruence with Thai adult lifestyle
260    พิษณูโลก:^b,มหาวิทยาลัยนเรศวร,^c2558.
300    158 หน้า
650  7 โรคอ้วน
650  7 ภาวะเมตาโบลิก
650  7 วัดรอบเอว
945    ^p0^l0^i000264
945    ^p0^l0^i001899
945    ^p0^l0^i001402
999    ^aเกษร โพธิ์สุวรรณ
รายการนี้ยังไม่มีแท็ก
คุณยังไม่ได้ล็อกอิน คุณสามารถมีกิจกรรมร่วมกับเว็บไซต์ได้ แต่ต้องล็อกอินก่อน ::
  ล็อกอิน

รายการสื่อสารสนเทศ

ลำดับที่ ประเภท เลขเรียก/บาร์โค้ด สถานที่ สถานะ
1. งานวิจัย
งานวิจัย
วจ.WD210 ช166ก ฉ.1 
  Barcode: 000264
ห้องสมุดวิทยาเขตสวรรค์ประชารักษ์
►วิจัย
บนชั้น
2. งานวิจัย
งานวิจัย
วจ.WD210 ช166ก ฉ.2 
  Barcode: 001899
ห้องสมุดวิทยาเขตสวรรค์ประชารักษ์
►วิจัย
บนชั้น
3. งานวิจัย
งานวิจัย
วจ.WD210 ช166ก ฉ.3 
  Barcode: 001402
ห้องสมุดวิทยาเขตสวรรค์ประชารักษ์
►วิจัย
บนชั้น

รายการใกล้เคียง
    หัวเรื่อง [โรคอ้วน]

BibComment


ยังไม่เคยถูกคอมเมนท์

คอมเมนท์ทรัพยากรรายการนี้
  คอมเมนท์: การพัฒนารูปแบบการ..


 Copyright 2026. Bcnsprnw @Library